|
|
|
|
| LEADER |
00000nam a2200000Ii 4500 |
| 001 |
DIGECOHAB0006 |
| 003 |
NyNyDIG |
| 006 |
m o d |
| 007 |
cr ||||||||||| |
| 008 |
240202s2014 sp ao o 000 0 spa d |
| 035 |
|
|
|a (OCoLC)1422054889
|
| 040 |
|
|
|a DGITA
|b eng
|e rda
|e pn
|c DGITA
|
| 020 |
|
|
|a 9788494216886
|q eBook
|
| 020 |
|
|
|z 9788461577507
|
| 050 |
1 |
4 |
|a TH7461 ebook
|
| 082 |
0 |
4 |
|a 697.2
|2 23
|
| 100 |
1 |
|
|a Ortoneda, Mateu,
|e author.
|
| 245 |
1 |
0 |
|a Construcción de estufas de mampostería /
|c Mateu Ortoneda.
|
| 250 |
|
|
|a Segunda edición ampliada.
|
| 264 |
|
1 |
|a [Olba, Teruel] :
|b Editorial EcoHabitar Sociedad Microcooperativa,
|c [2014]
|
| 300 |
|
|
|a 1 online resource :
|b illustrations, photographs.
|
| 336 |
|
|
|a text
|b txt
|2 rdacontent
|
| 337 |
|
|
|a computer
|b c
|2 rdamedia
|
| 338 |
|
|
|a online resource
|b cr
|2 rdacarrier
|
| 347 |
|
|
|a text file
|2 rdaft
|
| 347 |
|
|
|b EPUB
|
| 490 |
1 |
|
|a Pequeños manuales de EcoHabitar
|
| 588 |
0 |
|
|a Online resource; title from ePub title page (Digitalia, viewed February 2, 2024)
|
| 650 |
|
0 |
|a Stoves.
|
| 791 |
2 |
|
|a Digitalia (Firm),
|e distributor.
|
| 793 |
0 |
|
|g Digitalia eBook Collection:
|a EcoHabitar
|
| 776 |
0 |
8 |
|i Print version:
|a Ortoneda, Mateu.
|t Construcción de estufas de mampostería.
|b Primera edición en español.
|d [Olba, Teruel] : Editorial EcoHabitar Sociedad Microcooperativa, [2011
|z 9788461577507
|
| 830 |
|
0 |
|a Pequeños manuales de EcoHabitar.
|
| 856 |
4 |
0 |
|3 Digitalia Hispánica
|u https://www.digitaliapublishing.com/a/100396/
|
| 910 |
|
|
|a Premium collection: 2024
|